Statistics for Toulouse–Blagnac Airport Destinations (Toulouse, France)

Click here to take the quiz!

General Stats

  • This quiz has been taken 55 times
  • The average score is 60 of 88

Answer Stats

AirlineDestination% Correct
KLMAmsterdam
95%
easyJet/TUI AirwaysLondon (Gatwick)
95%
British AirwaysLondon (Heathrow)
95%
RyanairLondon (Stansted)
95%
Air FranceParis (Charles de Gaulle)
95%
Air France/easyJetParis (Orly)
95%
easyJet/Ryanair/TAP Air PortugalLisbon
93%
Iberia/VoloteaMadrid
90%
Air Arabia/Royal Air MarocCasablanca
88%
Aer Lingus/RyanairDublin
88%
Chalair AviationMarseille
88%
LufthansaMunich
88%
Air FranceNice
88%
Brussels AirlinesBrussels
85%
LufthansaFrankfurt
85%
easyJet/Royal Air Maroc/RyanairMarrakesh
85%
easyJet/RyanairPorto
85%
Air Algerie/Air FranceAlgiers
83%
VuelingBarcelona
83%
Air France/easyJetLyon
83%
TUI AirwaysManchester
83%
easyJet/VoloteaNantes
83%
Air Corsica/VoloteaAjaccio
80%
Aegean Airlines/Air France/VoloteaAthens
80%
easyJetBasel/Mulhouse
80%
easyJet/VoloteaLille
80%
RyanairRome (Fiumicino)
80%
VoloteaStrasbourg
80%
Nouvelair/TunisairTunis
80%
Turkish AirlinesIstanbul
78%
VoloteaPalermo
78%
RyanairEdinburgh
76%
Air Arabia/RyanairFes
76%
Air Canada/Air TransatMontreal (Trudeau)
76%
Chalair Aviation/easyJet/Twin JetRennes
76%
easyJet/VoloteaBastia
73%
Qatar AirwaysDoha
73%
VoloteaFlorence
73%
VoloteaMalaga
73%
RyanairNaples
73%
Air AlgerieOran
73%
RyanairAgadir
71%
RyanairAlicante
71%
Ryanair/TUI AirwaysBirmingham
71%
easyJetGeneva
71%
RyanairRabat
71%
easyJet/Ryanair/VoloteaFaro
68%
Binter Canarias/VoloteaGran Canaria
68%
easyJet/RyanairMenorca
68%
easyJet/Ryanair/VoloteaPalma de Mallorca
68%
RyanairSeville
68%
RyanairValencia
68%
Aegean Airlines/VoloteaHeraklion
66%
easyJet/RyanairIbiza
66%
RyanairTangier
66%
VoloteaCagliari
63%
VoloteaCatania
63%
Ryanair/VoloteaCorfu
63%
Ryanair/VoloteaTenerife (South)
63%
easyJet/TUI AirwaysBristol
61%
Air AlgerieConstantine
61%
Air Corsica/Air France/Ryanair/VoloteaFigari
61%
RyanairVenice
61%
RyanairBergamo
59%
Air Corsica/Air FranceCalvi
56%
NouvelairDjerba
56%
VoloteaDubrovnik
56%
RyanairKrakow
56%
VoloteaLanzarote
56%
easyJet/VoloteaOlbia
56%
RyanairBologna
54%
VoloteaFuerteventura
54%
RyanairLuxembourg
54%
RyanairMalta
54%
VoloteaPrague
54%
VoloteaSplit
54%
RyanairCharleroi
49%
easyJetRhodes
49%
VoloteaSantorini
49%
RyanairNador
46%
RyanairOujda
46%
VoloteaCaen
41%
Twin JetMetz/Nancy
37%
RyanairTreviso
34%
RyanairPaphos
32%
VoloteaHannover
29%
APG AirlinesLorient
22%
RyanairTrapani
17%

Score Distribution

Percentile by Number Answered

Percent of People with Each Score

Your Score History

You have not taken this quiz